00509nam a22001937a 450000500170000001000110001702000100002803500110003803700160004904000120006508200130007710000240009024500570011426000340017127000360020530000210024165000300026265000230029220170124110104.0 a283074 c00.00 a283074 bCen Lib/Ret aDPLbEN a951bHEV aHevi, Emmanuel John aAn African student in China /cby Emmanuel John Hevi aLondonbPall Mall Pressc1963 a77/ 79 Charlotte StreetbDunmow a220p. c21cm(Hb) aAfrican students -- China aCommunism -- China